| 000 | 00491nam a22001577a 4500 | ||
|---|---|---|---|
| 003 | OSt | ||
| 005 | 20140311163157.0 | ||
| 008 | 140226t xxu||||| |||| 00| 0 eng d | ||
| 050 |
_aLB 2395.35 _b.C356 1993 |
||
| 100 |
_aCampbell, Douglass _930678 |
||
| 245 |
_aCreative problem solving : _badventures in applied creativity / _cDouglass C. Campbell. |
||
| 260 |
_aCA : _bFrank Schaffer Publications, _cc1993. |
||
| 300 |
_a102 p. : _bill. ; _c28 cm. |
||
| 942 |
_2lcc _cBK-TR |
||
| 999 |
_c42399 _d42399 |
||